Mystery Geography Fact No 3 - Statistics

General Stats
  • This quiz has been taken 30 times
  • The average score is 6 of 7
Answer Stats
Answer % Correct
Is
100%
In
92%
Africa
88%
Country
88%
The
88%
Largest
81%
Algeria
73%
No matching quizzes found
Score Distribution
Percent of People with Each Score
Percentile by Number Answered
Your Score History
You have not taken this quiz